Statistiken für Die Top 16 der PDC Order of Merit 2010

Klicken Sie hier um das Quiz zu spielen!

Allgemein

  • Dieses Quiz wurde 13 mal gespielt
  • Das Durchschnittsergebnis liegt bei 11 aus 16

Antwortstatistiken

WeltranglistenplatzLandDartsspieler% Korrekt
11SchottlandGary Anderson
100%
2EnglandJames Wade
100%
1EnglandPhil Taylor
100%
3NiederlandeRaymond van Barneveld
100%
4AustralienSimon Whitlock
100%
5EnglandAdrian Lewis
90%
6EnglandMervyn King
70%
12EnglandAndy Hamilton
60%
9EnglandColin Lloyd
60%
16AustralienPaul Nicholson
60%
7EnglandTerry Jenkins
60%
10EnglandMark Walsh
40%
15EnglandWes Newton
40%
14EnglandColin Osborne
30%
8EnglandRonnie Baxter
30%
13EnglandWayne Jones
10%

Verteilung der Resultate

Perzentil nach korrekt beantworteten Fragen

Anzahl Personen mit jedem Resultat

Ihre Resultats-Entwicklung

Sie haben dieses Quiz noch nicht gespielt